000 01018nam a22002417a 4500
005 20240305165429.0
007 cr|||| ||||
008 150301s2015 mx |||||s|||| 00||0 spa d
020 _a978-368-726-864-2
035 _a12612
040 _avLex
090 _c5360
_d5360
100 1 _aDomínguez Orozco, Jaime
245 1 0 _aPagos Provisionales del ISR 2015
_h[Recurso electrónico] /
_cJaime Domínguez Orozco
256 _aServicio en línea
260 _aMéxico DF:
_bEdiciones Fiscales ISEF,
_c2015
300 _a1 recurso electrónico
506 1 _aDisponible solo en los productos indicados
_dvLex Global
_dvLex Global (Academic Edition, excluding Law Schools)
_dvLex Global (U.S. Academic Edition, Law Schools)
_dvLex Global (U.S. Academic Edition, excluding Law Schools)
_dvLex Global (Academic Edition, Law Schools)
650 0 4 _aDerecho Fiscal
_zMéxico
740 0 _avLex Libros (Servicio en línea)
856 4 0 _uhttps://app.vlex.com/#/sources/pagos-provisionales-isr-2015-12612
942 _cRAA
999 _c163703
_d163703